000 00647nam a2200277Ia 4500
005 20260324130028.0
008 008 260324s9999 xx 000 0 eng d
020 _a9780203891162
037 _aEBOOK
040 _aCRL
040 _beng
040 _cCRL
041 _2eng
041 _aeng
084 _qCRL
100 _aKarin Ikas; Gerhard Wagner
_91180252
245 0 _aCommunicating in the Third Space
260 _bTaylor and Francis
260 _c2008
365 _a
365 _b255
856 _uhttp://www.taylorfrancis.com/books/9780203891162
942 _cEBOOK
999 _c1776007
_d1776007